Indice de desarrollo social 2007 /
El documento consta de cinco capítulos los primeros dos versan sobre antecedentes y la metodología utilizada, en el tercero se presentan los resultados del índice para el ámbito distrital y cantonal y además se reseñan los estadísticos más relevantes de la información procesada el cuarto presenta la...
সংরক্ষণ করুন:
| সংস্থা লেখক: | |
|---|---|
| বিন্যাস: | পাঠ্য |
| ভাষা: | Spanish |
| প্রকাশিত: |
San José:
MIDEPLAN
|
| বিষয়গুলি: | |
| ট্যাগগুলো: |
ট্যাগ যুক্ত করুন
কোনো ট্যাগ নেই, প্রথমজন হিসাবে ট্যাগ করুন!
|
MARC
| LEADER | 00000 a a2200000 04500 | ||
|---|---|---|---|
| 001 | 37135 | ||
| 003 | cru CIDCACS/IIS | ||
| 005 | 20170928154000.0 | ||
| 008 | 170928b xxu||||| |||| 00| 0 spa d | ||
| 999 | |c 13843 |d 13843 | ||
| 020 | |a 978-9977-73-026-4 | ||
| 040 | |c CIDCACS/IIS | ||
| 090 | |a 05.03.04 CR8375i | ||
| 110 | |a Costa Rica. Ministerio de Planificación Nacional y Política Económica | ||
| 245 | |a Indice de desarrollo social 2007 / |c Ministerio de Planificación Nacional y Política Económica de Costa Rica | ||
| 260 | |a San José: |b MIDEPLAN | ||
| 300 | |a 132 páginas |b mapas | ||
| 520 | |a El documento consta de cinco capítulos los primeros dos versan sobre antecedentes y la metodología utilizada, en el tercero se presentan los resultados del índice para el ámbito distrital y cantonal y además se reseñan los estadísticos más relevantes de la información procesada el cuarto presenta las áreas de mayor y menor desarrollo relativo y los respectivos criterios para su definición el último capítulo incluye una aproximación al abordaje distrital del tema de amenazas naturales potenciales y finalmente se concluye con las consideraciones generales sobre el IDS 2007 | ||
| 650 | |a DESARROLLO SOCIAL | ||
| 650 | |a INDICES | ||
| 650 | |a COSTA RICA | ||
| 650 | |a DESARROLLO SOCIAL | ||
| 650 | |a ECONOMIA | ||
| 650 | |a SALUD | ||
| 650 | |a PARTICIPACION SOCIAL | ||
| 650 | |a EDUCACION | ||
| 942 | |2 ddc |c LI | ||



